Größte Städte der Welt nach Buchstabe - B - Extrem - Statistiken

Allgemein
  • Dieses Quiz wurde 131 mal gespielt
  • Das Durchschnittsergebnis liegt bei 26 aus 49
Antwortstatistiken
Einwohner Land Stadt % Korrekt
4.85 Mio. Deutschland Berlin
99%
21.2 Mio. Thailand Bangkok
98%
2.50 Mio. Ungarn Budapest
98%
16.7 Mio. Argentinien Buenos Aires
97%
4.875 Mio. Spanien Barcelona
95%
10.4 Mio. Kolumbien Bogotá
95%
3.975 Mio. Brasilien Brasilia
95%
2.75 Mio. Belgien Brüssel
95%
2.20 Mio. Rumänien Bukarest
95%
7.65 Mio. Irak Bagdad
94%
3.25 Mio. Großbritannien Birmingham
92%
3.675 Mio. Aserbaidschan Baku
91%
7.70 Mio. USA Boston
88%
1.90 Mio. Libanon Beirut
87%
1.43 Mio. Serbien Belgrad
87%
3.35 Mio. Australien Brisbane
85%
5.45 Mio. Mali Bamako
77%
1.14 Mio. Frankreich Bordeaux
77%
1.50 Mio. Kirgisistan Bischkek
75%
1.00 Mio. Deutschland Bremen
74%
4.925 Mio. Brasilien Belo Horizonte
73%
14.2 Mio. Indien Bengaluru
73%
2.40 Mio. Kongo (Rep.) Brazzaville
71%
4.00 Mio. Südkorea Busan
68%
2.15 Mio. Gambia Banjul
63%
1.62 Mio. ZAR Bangui
61%
6.95 Mio. Indonesien Bandung
57%
2.025 Mio. Brasilien Belem
41%
2.175 Mio. Türkei Bursa
41%
2.325 Mio. Kolumbien Barranquilla
36%
2.675 Mio. Indien Bhopal
32%
1.67 Mio. Irak Basra
30%
1.41 Mio. USA Buffalo
19%
1.75 Mio. Nigeria Benin City
16%
2.175 Mio. China Baotou
14%
3.275 Mio. Indien Bhilai
13%
2.15 Mio. China Baoding
11%
1.39 Mio. Angola Benguela
11%
1.35 Mio. Kolumbien Bucaramanga
11%
1.07 Mio. Burkina Faso Bobo-Dioulasso
7%
1.23 Mio. Indonesien Batam
5%
1.35 Mio. Venezuela Barquisimeto
4%
2.075 Mio. Indien Bhubaneswar
3%
1.40 Mio. Indonesien Bandar Lampung
2%
1.47 Mio. Indien Bareilly
2%
1.06 Mio. Kongo (Dem. Rep.) Bukavu
2%
1.19 Mio. China Baoji
0%
1.05 Mio. China Beihai
0%
1.94 Mio. China Bengbu
0%
Keine übereinstimmenden Quizze gefunden
Verteilung der Resultate
Anzahl Personen mit jedem Resultat
Perzentil nach korrekt beantworteten Fragen
Ihre Resultats-Entwicklung
Sie haben dieses Quiz noch nicht gespielt